00622nam a2200193 a 450000100060000000300090000600800410001502000150005604000280007108200100009910000310010924500340014026000290017430000100020365000410021394200120025499900170026695201450028318447CO-ViMGA141112s2004 ck r 000 u spa d a9589214010 aCO-ViMGAbspacCO-ViMGA04aLOBmo1 aLobo Amaya, Alfonso92627710aLa montaña de los cristales aBogotá, cEcoe, c1992 a67.p.14aCUENTOS INFANTILES COLOMBIANOS92369 2ddccBK c27744d27744 00102ddc40708008aMEVIECARbMEVIECARd2015-12-04hVolumen. 1 | 11/jun/2009l0oLOBmo p18447r2015-12-04 00:00:00tEj. 1w2015-12-04yBK